Shattered love : a memoir

Bibliographic Details
Main Author: Chamberlain, Richard
Format: Book
Published: New York : Regan Books , 2003
Subjects:

MARC

LEADER 00000cam a2200000 7i4500
001 0000086488
005 20040922.0
020 |a 0060087439 
090 0 0 |a 920   |b CHA 
100 1 |a Chamberlain, Richard 
245 1 0 |a Shattered love :   |b a memoir   |c Richard Chamberlain 
260 |a New York :   |b Regan Books ,   |c 2003 
300 |a 246p. ;   |c 23cm. 
650 0 0 |a Actors   |z United States   |x Biography 
650 0 0 |a Chamberlain   |x Richard   |y 1935- 
999 |a 00179171   |b BUKU   |c PINJAMAN   |e PERPUSTAKAAN KOMUNITI PETALING JAYA